000 00766nam a2200193 i 4500
001 180538
003 ES-MaACL
005 20230906221126.0
008 120612s1974 sp |||| | spa d
080 _a598.112.1(043.2)
100 1 _aMartínez Rica, Juan Pablo.
_978357
245 1 0 _aContribución al estudio de la biología de los reptiles ibéricos
_b: gecónidos /
_cpor Juan Pablo Martínez Rica.
260 _aBarcelona :
_bUniversidad de Barcelona, Secretariado de Publicaciones, Intercambio Científico y Extensión Universitaria,
_c1974.
300 _a10 p. ;
_c24 cm.
502 _aResumen de tesis--Universidad Barcelona (extracto)
650 4 _aGecónidos.
_9150487
710 2 _aUniversidad de Barcelona.
_97141
852 _aES-MaACL
_jE-15362(121)
999 _c180538
_d180538